|
|
|
|
| LEADER |
00000nta a2200000 i 4500 |
| 001 |
dolg4852 |
| 005 |
20160526131258.0 |
| 008 |
160104suuuu hu om 000 eng d |
| 040 |
|
|
|a BGE Dolgozattár Repozitórium
|b hun
|
| 041 |
|
|
|a en
|
| 100 |
1 |
|
|a Pocsai Anikó
|
| 245 |
1 |
0 |
|a Content marketing as a strategic tool to influence customer purchasing decisions at an international company. How to attract new visitors to the Omron website?
|c Pocsai Anikó
|h [elektronikus dokumentum]
|
| 246 |
1 |
1 |
|a Tartalom marketing stratégia kialakítasa egy nemzetközi nagyvállalatnál. Hogyan lehetne növelni az Omron website látogatottságát?
|
| 246 |
1 |
1 |
|a Content marketing as a strategic tool to influence customer purchasing decisions at an international company. How to attract new visitors to the Omron website?
|
| 695 |
|
|
|a Seo
|
| 695 |
|
|
|a Content Marketing
|
| 700 |
1 |
|
|a Szabó Dr. habil. Zoltán
|e ths
|
| 856 |
4 |
0 |
|u http://dolgozattar.uni-bge.hu/4852/1/Aniko%20Pocsai%20-%20Kulker-%20Final%20Thesis.pdf
|z Dokumentum-elérés
|